[Event "Bundesliga 1617"]
[Site "Germany"]
[Date "2017.02.18"]
[Round "7.3"]
[White "Hracek, Zbynek"]
[Black "Hertneck, Gerald"]
[Result "1-0"]
[WhiteElo "2594"]
[BlackElo "2476"]
[Annotator "Meyer,CD"]
[PlyCount "95"]
[EventDate "2016.10.15"]
[EventType "team-tourn"]
[EventRounds "15"]
[EventCountry "GER"]
[SourceTitle "CBM 177"]
[Source "ChessBase"]
[SourceDate "2017.03.16"]
[SourceVersion "1"]
[SourceVersionDate "2017.03.16"]
[SourceQuality "1"]
[WhiteTeam "Werder Bremen"]
[BlackTeam "Muenchen Zugzwang"]
[WhiteTeamCountry "GER"]
[BlackTeamCountry "GER"]

{GESCHEITERTER BEFREIUNGSVERSUCH (Dunkle Felderschwächen, guter Springer/
schlechter Läufer)} 1. e4 e6 2. d4 d5 3. e5 c5 4. c3 Nc6 5. Nf3 Bd7 $5 {
Zwar eines der erfolgreichsten Systeme gegen die französische
Vorstoß-Variante, aber dennoch nicht so beliebt wie 5...Qb6. Während GM
Gerald Hertneck seit vielen Jahren Erfahrung mit der von ihm favorisierten
Französischen Verteidigung hat - auch speziell mit der 5...Bd7-Variante -,
wendet Zbynek Hracek erst in neuerer Zeit die Vorstoß-Variante an.} 6. Be2 {
Solider als das ambitionierte, aber auch riskante} (6. a3 $5 {, z.B.} Nge7 {
von Hertneck präferiert} (6... c4 {Die alte Blockadevariante ist ein anderes
Thema}) (6... f6 7. Bd3 Qc7 (7... fxe5 8. Nxe5 Nxe5 9. dxe5 $13) 8. O-O O-O-O
$13 {mit spannendem Kampf}) 7. Bd3 cxd4 8. cxd4 Qb6 9. Bc2 Nf5 10. Bxf5 exf5
11. Nc3 Be6 12. O-O Rc8 13. Na4 Qb5 14. b4 a5 $13 {/=, 1:0/49 Mischustov,M 
(2353) - Hertneck,G (2492), Germany 2013}) 6... Nge7 7. O-O (7. Na3 cxd4 8.
cxd4 Nf5 (8... Ng6 9. h4 $1) 9. Nc2 Qb6 10. O-O Na5 11. b3 Bb5 12. Bd2 Nc6 $13
{/=, remis/69, McShane,L (2652) - Hawkins,J (2590), London 2016}) 7... Nf5 ({
Interessante Alternativen, z.B.: I} 7... cxd4 8. cxd4 Nf5 9. Nc3 Be7 10. g4 Nh4
11. Nxh4 Bxh4 12. f4 Be7 13. Be3 f6 $13) ({II} 7... Rc8 8. Na3 cxd4 9. cxd4 Qb6
(9... Ng6 10. Nc2 Be7 11. g3 O-O 12. h4 f5 (12... f6 $142 13. h5 Nh8 14. h6 g6
15. exf6 Bxf6 16. Ne3 Nf7 17. Ng4 Bh8 18. Be3 $13) 13. Bg5 $6 (13. Bd2 $5)
13... Qb6 (13... Bxg5 14. Nxg5 Qb6 15. h5 Nh8 $13) 14. Bxe7 $6 (14. Bd2) 14...
Ncxe7 $6 (14... Ngxe7 $142) 15. Nce1 $5 Qxb2 $6 16. h5 Nh8 17. Nd3 Qa3 18. Nc5
Rc7 $2 (18... Rxc5 19. dxc5 Nf7 $16) 19. Nxd7 Rxd7 20. Ng5 $18 {- 1:0/40, Haba,
P (2463) - Hertneck,G (2520),Germany 2013}) 10. Nc2 Nf5 $13) ({III} 7... Ng6 8.
g3 Be7 9. h4 $5 $13) 8. dxc5 $1 ({Meines Erachtens chancenreicher als} 8. Bd3 {
, z.B.} cxd4 9. Bxf5 exf5 10. Nxd4 Be7 11. Re1 O-O $13 {/=}) 8... Bxc5 9. Bd3
Nh4 (9... O-O 10. Bxf5 {Der resultierende Bauerngewinn sollte Weiß bei
genauer Verteidigung wenig bis gar nichts bringen.} (10. Nbd2 $142 Bb6 11. Nb3
Nh4 $4 (11... h6 $142 12. a4 a6 13. Re1 $14) 12. Bxh7+ $1 Kxh7 13. Ng5+ Kg6 14.
Qg4 Nxe5 15. Qxh4 f5 16. Qg3 $6 (16. Nd4 $142 {, z.B.} Rh8 17. Qg3 Ng4 18. Ngf3
Kh7 19. Re1 e5 20. Nxe5 Nxe5 21. Bg5 Qc8 22. Qxe5 $18) 16... Ng4 17. h3 $6 (17.
Nf3 $142 $16) 17... Bc7 18. Qd3 {und Weiß verlor gar am Ende noch - 0:1/32,
Volokitin,A (2638) - Potkin,V (2621), Dubai 2014}) 10... exf5 11. Qxd5 Bb6 12.
Bg5 (12. Re1 Be6 13. Qb5 Re8 14. Na3 Qd5 15. b3 h6 16. Qf1 Qa5 17. b4 Qa4 18.
Qb5 Qxb5 19. Nxb5 Re7 (19... Bd5 $142 20. Nd6 Re6 21. Bf4 g5 22. b5 Ne7 $11)
20. Nd6 Rd7 21. Bf4 g5 22. b5 Na5 23. Be3 Bxe3 24. Rxe3 Nc4 25. Nxc4 Bxc4 26.
h4 Bxb5 27. hxg5 hxg5 28. Nxg5 $14 {- remis/49, Nyvlt,Z (2543) - Sergel,C 
(2499), ICCF email 2002}) 12... Qc7 13. Na3 Be6 14. Qd6 Qxd6 $6 (14... a6 $142
15. Nc2 h6 16. Be3 Rfd8 17. Qxc7 Bxc7 18. Rfe1 Rd5 $11) 15. exd6 h6 $2 (15...
Bc5 $142 {, z.B.} 16. Bf4 Rad8 17. Rfd1 Bxa3 18. bxa3 h6 19. h4 f6 20. h5 Bf7
21. d7 Be6 $11) 16. Be3 $16 {- 1:0/80, Shirov,A (2689) - Hübner,R (2588),
Puhajarve 2015}) 10. Nbd2 Ng6 11. Nb3 Bb6 12. Re1 Qb8 (12... Bc7 13. Bg5 Qc8 (
13... Qb8 14. Nc5 Bc8 15. Bxg6 fxg6 16. Nd4 Nxd4 17. cxd4 $14) 14. Bxg6 fxg6
15. Rc1 (15. Nbd4) 15... O-O 16. c4 dxc4 17. Rxc4 Rf5 18. Bh4 a6 19. Bg3 $14 {
- 1:0/28, Stevic,H (2613) - Ulybin,M (2498), Sarajevo 2014}) 13. Qe2 Bc7 14.
Bxg6 ({Hier, wie auch zwei Züge später, verdient auch} 14. Nc5 $5 {Beachtung,
wie folgende Abspiele zeigen:} Qc8 (14... Bc8 15. Bxg6 hxg6 16. Bf4 O-O (16...
b6 17. Qb5) 17. Rac1 $5 $14) (14... Ngxe5 $2 15. Bb5 $1 Nxf3+ (15... a6 16.
Nxe5 Nxe5 17. Bxd7+ Nxd7 18. Nxe6 $1) 16. Qxf3 Bc8 (16... Qc8 17. Qxd5) (16...
Bxh2+ 17. Kf1 Bd6 18. Nxd7) 17. Na6 Bxh2+ 18. Kh1 Qd6 19. Nb4 O-O 20. Nd3 f6
21. Qh5 Be5 22. f4 $16) (14... Ncxe5 $2 15. Nxe5 Nxe5 16. Bb5 $1 $40) 15. Bxg6
hxg6 (15... fxg6 $2 16. c4 $1 dxc4 $4 17. Rd1 Nb8 18. Qxc4 $18) 16. b3 $14 (16.
Rd1 b5) (16. Bg5 Bb6 17. Nd3 Na5) 16... O-O 17. Bg5 Bb6 18. Nd3 $14) 14... hxg6
({Schlechter ist} 14... fxg6 $6 {, worauf z.B.} 15. Nc5 Qc8 (15... Bc8 $2 16.
Ng5 O-O (16... Bxe5 $2 17. f4 $1) 17. Ncxe6 Bxe6 18. Nxe6 Re8 19. Nxc7 Qxc7 20.
Bf4 $16) 16. c4 $5 $36 {mit weißer Initiaitve folgen könnte.}) 15. Bg5 ({
Auch in Betracht kamen z.B.: I} 15. h4 {In einer bekannten Vorgängerpartie
geschah weiter} Rh5 $6 (15... O-O $142) 16. Bg5 Nxe5 17. Nxe5 Bxe5 18. Qxe5
Qxe5 19. Rxe5 f6 20. Re3 fxg5 21. hxg5 Rxg5 22. Nc5 O-O-O 23. Nxe6 Bxe6 24.
Rxe6 d4 $1 $14 {, doch zu böser Letzt scheiterte Schwarz bei seinen
Verteidigungsaufgaben - 1:0/44, Grischuk,A (2746) - Ivanchuk,V (2768),
Khanty-Mansiysk 2011}) ({II} 15. Nc5 Bc8 16. Bf4 O-O 17. Rad1 $14) 15... Bd8 $6
{Angesichts seiner dunklen Felderschwächen macht Schwarz ein dubioses
Tauschangebot, ...} ({I Den Vorzug verdient beispielsweise} 15... O-O $142 16.
Nc5 Qc8 (16... Bc8 17. Rac1 $14) 17. Rac1 Bb6 18. Nd3 Na5 19. Nd4 $14) ({
II Freilich nicht} 15... Nxe5 $2 16. Nxe5 Bxe5 17. Qxe5 Qxe5 18. Rxe5 f6 {wegen
} 19. Re3 fxg5 20. Nc5 $1 $16) 16. Bxd8 {...das Weiß aber nicht sofort
annehmen sollte. Der tschechische Großmeister und "Alt-Werderaner" spielt es
prosaisch, indes wäre das hochtaktische Vorgehen mittels} (16. Nc5 $142 $1 {
stärker gewesen. Man sehe die reizvollen Verwicklungen, z.B.:} Qc7 (16... Bxg5
17. Nxg5 Qc7 (17... Qd8 $2 18. Qe3 Rh5 19. h4 Na5 20. Qf4 Qe7 21. Nxd7 Qxd7 22.
Rad1 O-O-O (22... Qe7 23. Rd3 Rh8 24. b3) 23. g3 Rf8 24. b3 Qe7 25. c4 $18) 18.
Rad1 Rh5 (18... Rf8 $2 19. c4 $1) (18... Rc8 19. g3 $5 (19. Qe3 $5) 19... Nb8 (
19... b6 20. Nxd7 Qxd7 21. c4 d4 22. a3 a5 23. Rd3 $16) 20. Nxd7 Nxd7 (20...
Qxd7 21. Ne4 $1 O-O 22. Qg4 Rfd8 (22... Rc4 23. b3 $18) (22... Rfe8 23. Nd6 $18
) 23. Ng5 $18) 21. Rd4 Nb6 22. Rf4 Rf8 23. Qd3 Qe7 (23... Nc4 $2 24. Nxe6 $1
$18) 24. h4 $16) 19. Qe3 $1 Nxe5 (19... Bc8 20. h3 b6 21. Nb3 Qe7 22. f4 $16)
20. Ncxe6 Bxe6 21. Qxe5 Qxe5 22. Rxe5 O-O-O (22... Kd7 23. Rde1 Re8 24. f4 $16)
23. f4 Bg4 (23... Rd6 24. Rde1 d4 25. Nxe6 Rxe5 26. fxe5 Rxe6 27. cxd4 Rc6) 24.
Rdxd5 Rxd5 25. Rxd5 f6 26. Rc5+ Kb8 27. Ne4 $16) (16... Qc8 17. Bxd8 Nxd8 18.
Qe3 b6 19. Nb3 {/\Nbd4+/-}) 17. Rad1 Bxg5 (17... O-O 18. Bxd8 Raxd8 19. Qe3 $16
) (17... b5 $2 18. Rxd5 $3 exd5 19. e6 $40 {+-}) 18. Nxg5 $16 {. Die Aufgabe
des Nachziehenden, für seinen Monarchen eine geeignete Bleibe zu finden,
zieht sich wie ein roter Faden durch die Partie.}) 16... Qxd8 17. Nbd4 Nxd4 18.
Nxd4 $14 {Zweifellos haben die Tauschgeschäfte Weiß begünstigt, da der
verbliebene agile Springer dem "französischen" Läufer klar überlegen ist.
Zudem steht Schwarz wegen mangelnder Angriffs- und Hebelmöglichkeiten - trotz
halboffener h- und c-Linie - sowie einer Schwäche auf den dunklen Feldern
perspektivlos. Allerdings ist das Material reduziert, und - zwecks
Vergrößerung seines Vorteils - muß Weiß geduldig zu Werke gehen.} Qb6 $5 {
Peilt als relativ beste Lösung die lange Rochade an.} ({Schlechter erscheinen:
I} 18... Qh4 $6 19. Nf3 Qe7 20. Qe3 Rh5 21. h4 Kf8 22. g3 Kg8 23. Ng5 $16 {
und der Turm ist auf h5 deplatziert.}) ({II} 18... O-O $6 19. Qe3 $40 {und mit
dem Plan Nf3-g5 ziehen Gewitterwolken am Königsflügel auf.}) 19. Qd2 O-O-O
20. a4 Kb8 21. h3 ({Eher in Betracht kam m. E.} 21. a5 {, z.B.} Qc5 22. a6 b6
23. Qf4 Qe7 24. h3 Rh4 (24... g5 $2 25. Qg3) 25. Qg3 Rc8 26. Re3) 21... Rc8 22.
a5 Qd8 23. Re3 Rc5 (23... a6) 24. Rf3 Rf8 25. b4 $6 {Im Folgenden vermag
Hracek keinen aktiven Plan zu entwickeln und beschränkt sich aufs Abwarten
bzw. Wahrung des Status quo. Leider verliert die Partie dadurch an Qualität,
um gegen Ende eine abrupte Wendung zu nehmen.} ({Ein prüfenswerter Versuch,
die weiße Stellung zu verstärken, bestand dagegen in} 25. a6 $142 b6 26. Qf4
$5 {, z.B.} Qe7 27. h4 Rc4 28. g3 Rcc8 29. Kg2 $16 {/\Rh1 plus h4-h5 und/oder
Qg5}) 25... Rc4 26. Re1 Qe7 27. Qf4 Be8 28. h4 Rh8 29. g3 Rh5 30. Qe3 g5 31.
hxg5 Rxg5 ({Ebenso behält Weiß nach} 31... Qxg5 32. Qxg5 Rxg5 {und z.B.} 33.
Rd3 Bd7 34. f4 Rh5 35. Kg2 Rc8 36. Rh1 Rxh1 37. Kxh1 Kc7 38. g4 Rh8+ 39. Kg2
Rh4 {nur noch ein minimales Plus.}) 32. Kg2 Rh5 33. Rh1 Rxh1 34. Kxh1 $14 {
/= Nach dem weiteren Turmtausch hat sich der weiße Vorteil nahezu
verflüchtigt.} f5 $4 {Des hinhaltenden Widerstands überdrüssig sowie auf
der Suche nach Gegenspiel wird Schwarz ungeduldig und verfällt plötzlich auf
eine "löchrige Kombination".} (34... a6 $142 $14 {/=}) 35. exf6 gxf6 36. Qxe6
Qxe6 37. Nxe6 d4 {Geleitet von dem Wunsch, die Diagonale c6-h1 für seinen
Läufer zu nutzen, als "Vater des Gedankens".} 38. Rf4 $1 {Der einzig
spielbare Zug ist gleichzeitig die Widerlegung.} ({I In eine böse Falle
tappen würde Weiß indes nach} 38. Nxd4 $4 Rxd4 $1 39. cxd4 $4 (39. Rxf6 Re4
40. f3 Re3 41. c4 $15) 39... Bc6 40. Kg2 f5 $8 $19 {! nebst baldigem Zugzwang
und Turmgewinn.}) ({II} 38. Rd3 $4 dxc3 39. Rd8+ Rc8 40. Rxc8+ Kxc8 $19 {, z.B.
} 41. Nd4 Bg6 42. Kg2 c2 43. Ne2 Kc7 {und der König stürzt sich auf die
gegnerischen Damenflügelbauern.}) 38... Bf7 $4 {Zeitnot? Jedenfalls wirft der
Münchener erst damit die Partie endgültig weg. Tatsächlich war er trotz des
verfehlten Befreiungsversuches keineswegs hoffnungslos verloren, wie folgende
kleine Endspielanalyse zeigt:} ({I} 38... Rxc3 $8 {und nun:} 39. Rxd4 ({
Nicht besser ist} 39. Nxd4 Rc4 40. f3 (40. Kg1 Kc8 41. Ne6 Rxf4 42. Nxf4 Bc6
$16) 40... Kc8 41. Ne6 Rxf4 42. Nxf4 Bf7 43. Ne2 $16) 39... Rc6 40. Nf4 (40.
Rd8+ Rc8 41. Rxc8+ Kxc8 42. Kg2 Kd7 43. Nc5+ Kd6 $1 44. Kf3 b6 45. axb6 axb6
46. Ne4+ Ke5 47. Ke3 f5 48. Nc3 Bc6 $16) 40... Bf7 41. Kg2 b6 42. axb6 Rxb6 43.
g4 Kc7 $16 {und in jedem Fall leistet die Verteidigung harten Widerstand}) ({
II Jedoch nicht} 38... Bc6+ $2 39. Kh2 Rxc3 40. Rxf6 $18) ({III Auch nicht} 
38... Bd7 $2 39. Nxd4 Rxc3 40. Rxf6 Rc4 41. Ne6 $1 Rxb4 (41... Bxe6 42. Rxe6
Rxb4 43. f4 $18) 42. Rf8+ Bc8 43. f4 $18) 39. Nxd4 Rxc3 40. Rxf6 $18 {Gegen
das weiße Freibauernduo ist kein Kraut gewachsen.} Bd5+ 41. Kh2 Rc4 42. Nb5
Rc8 43. g4 a6 44. Nd6 Rh8+ 45. Kg3 Kc7 46. Nf5 Rh1 47. Rd6 Rd1 48. Kf4 1-0

[Event "Budapest Hunguest Hotels"]
[Site "Budapest"]
[Date "2003.04.12"]
[Round "2"]
[White "Movsesian, Sergei"]
[Black "Berkes, Ferenc"]
[Result "1/2-1/2"]
[WhiteElo "2659"]
[BlackElo "2578"]
[Annotator "Movsesian,S"]
[PlyCount "57"]
[EventDate "2003.04.11"]
[EventType "tourn"]
[EventRounds "9"]
[EventCountry "HUN"]
[EventCategory "17"]
[SourceTitle "CBM 095"]
[Source "ChessBase"]
[SourceDate "2003.07.25"]
[SourceVersion "1"]
[SourceVersionDate "2003.07.25"]
[SourceQuality "1"]

1. e4 e6 2. d4 d5 3. e5 c5 4. c3 Bd7 5. Nf3 Qb6 6. Be2 cxd4 7. cxd4 Bb5 8. O-O
Bxe2 9. Qxe2 Ne7 {Quite a rare line in this position.Black is trying to get
the knights on c6 and d7, but it costs some time.} (9... Qa6 {is more usual})
10. Nc3 Nec6 11. Be3 Nd7 12. Ne1 $5 {An interesting idea. White is moving the
knight to d3, where can control over c5 square. At the same time f2-f4 and
also Qe2-g4 become possible} Be7 13. Nd3 Qa6 $1 {Black's trying to pin the
knight and threatening Nc6-b4 with exchanges.} 14. Qd1 $1 (14. Rad1 Nb4) (14.
a3 O-O {and now after} 15. f4 {black has strong reply} Qc4 $1) 14... O-O-O $6 {
A very risky move. Black's king will not be safe at queen's side.} 15. a3 Kb8 (
{Berkes overlooked, that after} 15... Na5 {white has} 16. Nb4 $1 Qb6 17. Nbxd5
exd5 18. Nxd5 Qe6 19. Qc2+ Nc6 (19... Kb8 20. Qc7+ Ka8 21. Qxa5 $18) 20. Nxe7+
Qxe7 21. d5 Ndxe5 22. dxc6 Nxc6 23. Bxa7 $16) 16. b4 Qb6 17. Rb1 Ka8 18. Qd2 $2
{Allows black to free his pieces by a simple combination and reach an equal
position.} ({Much stronger was} 18. Qg4 $1) 18... Ndxe5 $1 19. Nxe5 (19. dxe5
d4 20. Na4 Qb5 21. Nac5 dxe3 22. Qxe3 Rd5 {with a good position for black})
19... Nxe5 20. dxe5 d4 21. Na4 Qb5 22. Bxd4 Qxa4 23. Qe3 Rd5 24. Rbc1 Qd7 25.
Bxa7 {Leades to a forced draw, but white has no better choice here.} Rd3 26.
Qb6 Bd8 27. Qc5 Rd5 28. Qe3 Rd3 29. Qc5 1/2-1/2

[Event "EU-Cup 17th"]
[Site "Panormo"]
[Date "2001.09.27"]
[Round "5.5"]
[White "Movsesian, Sergei"]
[Black "Jedynak, Radoslaw"]
[Result "1-0"]
[WhiteElo "2627"]
[BlackElo "2347"]
[Annotator "Movsesian,S"]
[PlyCount "79"]
[EventDate "2001.09.22"]
[EventType "team-swiss"]
[EventRounds "7"]
[EventCountry "GRE"]
[SourceTitle "CBM 084 Extra"]
[Source "ChessBase"]
[SourceDate "2001.10.26"]
[SourceVersion "1"]
[SourceVersionDate "2001.10.26"]
[SourceQuality "1"]
[WhiteTeam "Sarajevo Bosna"]
[BlackTeam "Plock"]
[WhiteTeamCountry "BIH"]
[BlackTeamCountry "POL"]

1. e4 e6 2. d4 d5 3. e5 c5 4. c3 Nc6 5. Nf3 Bd7 6. Be2 f6 7. O-O fxe5 8. Nxe5 (
8. dxe5 $5 Qc7 9. Re1 O-O-O 10. Bd3 Nh6 11. Na3 $5 (11. Bg5 Re8 12. Nbd2 Nf7
13. Qe2 Nxg5 14. Nxg5 Be7 15. Ndf3 g6 $13 {Boey-Lobron, Salonika (ol) 88})
11... a6 12. Bg5 Re8 13. Bf4 Be7 14. Qd2 Ref8 15. Nc2 c4 16. Bf1 $13 {
Movsesian-Shirov, Germany 2000}) 8... Nxe5 9. dxe5 Qc7 10. c4 Qxe5 11. Bf3
O-O-O 12. cxd5 exd5 13. Re1 Qd6 {White has here a choice of several
continuation, mostly connected with an idea not winning a pawn back and
continuing to play for initiative} 14. b4 $5 (14. Nc3 Nf6 15. b4 $5 (15. Nxd5
Nxd5 16. Qxd5 Qxd5 17. Bxd5 Bf5 18. Bf3 Bd6 19. Be3 $11 {Movsesian-Shirov,
Istanbul (ol) 2000}) 15... Bc6 16. bxc5 Qxc5 17. Bd2 Kb8 18. Rc1 $44 {
Timman-Nikolic, Netherlands 97}) (14. g3 $5 Nf6 15. Bf4 Qa6 16. Nc3 d4 17. Ne4
Nxe4 18. Rxe4 $44 {Sveshnikov-Vaisser, Sochi 84}) 14... Nf6 15. bxc5 Qxc5 16.
Be3 Qa5 17. Nd2 Kb8 (17... Bc6 18. a4 Bd6 19. Nb3 Qc7 20. g3 Rhe8 21. Rc1 Kb8
22. a5 $1 $16 {[%csl Ra7] Timman-Brynell, Germany 2001}) 18. Nb3 $6 (18. a4 $44
) 18... Qa4 $1 19. Rb1 Bf5 20. Rb2 Ba3 21. Rd2 Qd7 (21... Rhe8 22. Bxd5 Rxd5
23. Rxd5 Nxd5 24. Qxd5 $14) 22. Rd4 {[%cal Rd4a4]} Rhe8 23. Qd2 Bd6 24. Rd1 Be4
(24... Bg4 25. Bxg4 Nxg4 26. Bf4 $44) 25. Be2 Ng4 26. Bf4 $2 (26. Bxg4 $142
Qxg4 27. f3 Qh4 28. g3 Bxg3 29. fxe4 (29. hxg3 Qxg3+ 30. Qg2 Qxf3 31. Qxf3 Bxf3
$13) 29... Be5 30. exd5 (30. Rxd5 Rxd5 31. exd5 Qg4+ $11) 30... Bxd4 31. Qxd4
Qxd4 32. Bxd4 $14) 26... Nxf2 $1 27. Nc5 Qf7 28. Bxd6+ Rxd6 29. Rf1 Qc7 $2 $138
(29... Rf6 $1 30. Rxf2 Rxf2 31. Nxe4 Rxe2 32. Qxe2 Qe6 $17) 30. Qb4 Rc8 31. Rc1
(31. Na6+ $2 Rxa6 32. Bxa6 Ng4 $17) 31... Ka8 (31... Rb6 32. Na6+ bxa6 33. Rxc7
Rxb4 34. Rxc8+ Kxc8 35. Rxb4 $18) (31... Qf7 $5) 32. Nb3 Nh3+ 33. gxh3 Rc6 34.
Rxc6 Qxc6 35. Bg4 Rb8 36. Nc5 h5 37. Bxh5 Qh6 38. Nxe4 Qxh5 (38... dxe4 39. Bg4
$18) 39. Ng3 Qf3 40. Qb3 1-0

[Event "SVK-ch"]
[Site "Kaskady"]
[Date "2002.07.02"]
[Round "6"]
[White "Movsesian, Sergei"]
[Black "Tibensky, Robert"]
[Result "1-0"]
[WhiteElo "2624"]
[BlackElo "2448"]
[Annotator "Movsesian,S"]
[PlyCount "61"]
[EventDate "2002.06.27"]
[EventType "tourn"]
[EventRounds "11"]
[EventCountry "SVK"]
[EventCategory "12"]
[SourceTitle "CBM 090"]
[Source "ChessBase"]
[SourceDate "2002.09.20"]
[SourceVersion "1"]
[SourceVersionDate "2002.09.20"]
[SourceQuality "1"]

1. e4 {Psakhis. Bangiev} e6 2. d4 d5 3. e5 b6 4. c3 Qd7 5. h4 $5 {[%cal Rh4h5]
An interesting attempt. White is trying to make pawn structure on King's side
clear and develop his pieces according to that. Psakhis: 'Typical move, White
wants to gain more space on the king's side'  Bangiev: 'Ein sehr interessanter
Plan. Weiß bemüht sich die schwarze Stellung am Königsflügel unter Druck zu
setzen, d.h. möglichst mehr Raum zu gewinnen.'} Ba6 ({Other possibilities are} 
5... c5 6. h5 f5 7. Nd2 cxd4 8. cxd4 Ba6 9. Ne2 Nc6 10. Nf3 Bb4+ 11. Bd2 Nh6
12. Nf4 Bxf1 13. Kxf1 Nf7 14. Rh3 $16 {[%cal Rh3b3] Galdunts-Paris, St.
Ingbert 91}) (5... h5 $5 6. Be2 g6 7. Bg5 {[%cal Yg1h3,Yh3f4,Yb1d2,Yd2f3]} (7.
a4 {Psakhis} Ba6 8. Bxa6 Nxa6 9. a5 b5 10. Bg5 Be7 11. Qd3 c5 12. Nf3 {1/2-1/2
De la Villa Garcia,J-Romero Holmes,A/Leon 1988 (12)})) 6. Bxa6 Nxa6 7. h5 {
I preferred not to kick black's knight from a6, as it has no better
perspectives than b8-c6 anyway.  Bangiev: 'Dieser Vorstoß stellt für viele
Varianten der französischen Verteidigung ein typisches Verfahren dar. Der
Bauer auf h5 soll die schwarze Stellung am Königsflügel stören, vor allem dass
es dem Schwarzen schwer fällt einen sicheren Vorposten auf f5 aufzubauen 
(sollte die Unterstützung durch h5 fehlen). Anderseits kann der Ph5 zum
Angriffsziel für Schwarz werden.'} (7. Qd3 {Psakhis} Nb8 8. h5 c5 9. dxc5 bxc5
10. b3 Nc6 11. Bf4 f6 12. Nf3 fxe5 13. Nxe5 Nxe5 14. Bxe5 Bd6 15. Bxd6 Qxd6 16.
Nd2 Nf6 $11 {Haik-Nikolic,Z/Smederevska Palanka 1982/1/2-1/2 (79)}) 7... c5 8.
Ne2 f6 $6 {[%csl Re8] Black is trying to attack the centre hard, but the white
pieces are much better prepared to the opening of the position.  Bangiev: 'Ein
aktiver Zug, der allerdings das Feld e6 bzw. den Bauern auf e6 schwächt.'} (
8... Ne7 $142 9. Nd2 Nc6 10. Nf3 $14) ({Perhaps Black should have considered
simple} 8... Ne7 {[%cal Ge7c6] (Psakhis) and not to advance pawns in an area
where he is weaker}) 9. Bf4 {Bangiev: 'Weiß strebt danach, den Bauern auf e5
zu stützen, was die Bauernschwäche auf e6 zugleich befestigt. Dies stellt eine
typische Strategie für die Vorstoß-Variante dar.'} Ne7 (9... Nb8 $5 {[%cal
Gb8c6] Psakhis}) 10. Nd2 Nc6 11. Nf3 {Bangiev: 'Es ist dem Weißen gelungen den
Bauern auf e5 und damit den Raum b2-e5-h2 zu verstärken.'} Rc8 (11... O-O-O {
Psakhis} 12. Qd3 Kb7 $13 {looks little bit risky, but maybe not so bad - at
least black's monarch will feel himself in safe place}) 12. O-O (12. h6 {
gives nothing special, black can just ignore it.}) 12... Nab8 ({Worth
considering} 12... f5 $5 {(Psakhis) closing pawn's formation on the king's
side.}) 13. Re1 Be7 $2 {Leads to a very bad position for black.} (13... f5 {
was the best try still} 14. Bg5 Be7 15. Nf4 $16 {[%csl Re6]}) 14. exf6 {
Bangiev: 'Eine typische Wende der weißen Strategie in derartigen Positionen:
nach der Verstärkung der schwarzen Felder geht Weiß zum Angriff auf die weißen
Felder im Lager des Nachziehenden über. '} gxf6 (14... Bxf6 {Psakhis} 15. Bxb8
Rxb8 16. Nf4 {[%csl Re6]}) 15. Bxb8 $1 {Bangiev: 'Im Sinne der erwähnten
Strategie.'} Rxb8 (15... Nxb8 {Psakhis} 16. Nf4 Rc6 17. c4 $5) 16. Nf4 {
Psakhis: 'Now Black's pawn formation is seriously compromised on the kingside
and the centre of the board and he should have stuck to a passive defense'} Nd8
17. Qe2 Kf7 ({It's difficult to recommend to Black} 17... cxd4 {Psakhis} 18.
Nxd4 $1 (18. cxd4 {Psakhis} Bb4 $14) (18. Nxe6 {Psakhis} Nxe6 19. Qxe6 Qxe6 20.
Rxe6 dxc3 21. Rae1 Rb7 22. bxc3 Kf7 23. Nd4 $14) 18... e5 19. Qf3 $1 exf4 20.
Qxf4 $16 {with huge advantage for White}) 18. c4 $1 {[%csl Rd8,Re6][%cal Ra1d1]
Psakhis: 'Movsesian opens the game in the center and he has all the trumps in
his's hand.'  Bangiev: 'Das Feld d5 sowie e6 ist angegriffen.'} Bd6 19. Qd2 {
Bangiev: 'Der Springer auf f4 ist die Schlüsselfigur im weißen Angriffsplan.'}
Qc7 20. Nh3 {[%cal Rd2h6] The white knight opens the way for the queen, so
black's king will get no rest.} dxc4 21. Rad1 Rf8 22. Re4 {[%cal Re4g4]
Psakhis: 'White has long term compensation. Blacks P-structure has been
weakened and his development has been obstructed seriously. However white
needs to play very energeticly.'} Kg8 23. dxc5 Bxc5 24. Rg4+ Kf7 (24... Kh8 25.
Qh6 {[%csl Rg6][%cal Yf3h4,Yh3f4] with a mating attack}) 25. Qc2 Ke8 26. Rxc4 {
Black's position is in ruins} Qe7 27. b4 Bd6 28. Rcd4 Nb7 29. Nd2 $1 (29. Qc6+
$6 Qd7 30. Rxd6 Nxd6 31. Rxd6 Qxc6 32. Rxc6 {would be just an amnesty for
black.}) 29... Nd8 30. Qd3 Nb7 31. Ne4 1-0